000 00237nam a2200097Ia 4500
008 170620s9999 xx 000 0 und d
100 _amanju -devi
245 0 _asanskirit ka kaksha Shikshan
260 _bRadha Prakashan Mandir Agra
260 _c2017
300 _a120
999 _c28356
_d28356